[Event "Benidorm Bali"]
[Site "Benidorm"]
[Date "2002.11.30"]
[Round "5"]
[White "Paunovic, Dragan"]
[Black "Ponomariov, Ruslan"]
[Result "0-1"]
[WhiteElo "2532"]
[BlackElo "2743"]
[Annotator "Huebner,R"]
[PlyCount "84"]
[EventDate "2002.11.29"]
[EventType "tourn (rapid)"]
[EventRounds "11"]
[EventCountry "ESP"]
[EventCategory "13"]
[SourceTitle "CBM 093"]
[Source "ChessBase"]
[SourceDate "2003.04.01"]
[SourceVersion "1"]
[SourceVersionDate "2003.04.01"]
[SourceQuality "1"]

1. Nf3 d5 2. c4 c6 3. d4 Nf6 4. e3 a6 5. Bd3 Bg4 6. Qb3 Bxf3 7. gxf3 (7. Qxb7 {
ist anscheinend naoch nicht versucht worden. Nach} Bxg2 8. Rg1 dxc4 (8... Be4
9. Bxe4 Nbd7 10. Bd3 {sieht recht angenehm für Weiß aus.}) 9. Rxg2 (9. Bxc4 {
scheitert an.} Bd5 10. Bxd5 Nxd5 11. Qxa8 Qc7) 9... cxd3 10. Qxa8 Qc7 11. Nd2
e6 (11... e5 12. dxe5 Nfd7 13. Nc4 Nxe5 14. Nxe5 Qxe5 15. Qb7 {ist ungünstig
für Schwarz.}) 12. Nc4 Be7 13. Bd2 O-O {entsteht eine schwer einzuschätzende
Stellung, doch ist verständlich, daß die Weißen sich nicht gerne auf dies
Abspiel einlassen wollen: ihre Stellung könnte sich rasch als verloren
herausstellen.}) 7... Qc7 8. Nc3 e6 9. Bd2 dxc4 10. Bxc4 c5 11. dxc5 Bxc5 12.
Rc1 (12. Ne4 Nxe4 13. fxe4 O-O 14. Rc1 Rd8 15. Ke2 b6 16. f4 Nc6 17. Rhg1 Qxf4
18. Rxg7+ Kh8 19. Rcg1 Rxd2+ 20. Kxd2 Qf2+ 21. Kc1 Qxe3+ 22. Qxe3 Bxe3+ 23. Kc2
Bxg1 24. Rxg1 Rg8 25. Rxg8+ Kxg8 26. Kc3 Nb8 27. Kd4 Kf8 28. e5 Ke7 29. a3 a5
30. Bb5 Nd7 31. Bxd7 Kxd7 32. Kc4 Ke8 33. b4 axb4 34. Kxb4 f5 35. exf6 Kf7 36.
a4 e5 37. a5 bxa5+ 38. Kxa5 Kxf6 39. Kb4 Kf5 40. Kc3 Kg4 {0-1 Van Wely,
L-Bacrot,E/Bled 2002/EXT 2003 (40).}) 12... Nc6 13. Be2 Be7 14. O-O O-O 15.
Rfd1 Rfd8 16. Be1 Rxd1 17. Rxd1 Rc8 18. f4 b5 19. a3 Na5 20. Qa2 (20. Qc2 {
sieht natürlicher aus.}) 20... g6 21. h3 $6 (21. b3 $5) 21... Nc4 22. Bxc4 $2 {
Dies ist ein schwerer positioneller Bock; Weiß sollte seinen weißfeldrigen
Läufer auf keinen Fall abgeben.} (22. Bf3 Qb6 23. Qb3 {gefolgt von Nc3-e2
führt zu einer ungefähr ausgeglichenen Stellung.} ({Nach} 23. Ne2 Nxe3 24. fxe3
Qxe3+ 25. Kg2 Rc2 26. Bf2 Rxe2 27. Bxe2 Qxe2 28. Re1 Qd2 {steht Weiß auf
Verlust.})) 22... bxc4 $17 23. Rd4 Qc6 24. Qb1 Ne8 (24... Qf3 {bringt nichts
ein:} 25. Kh2 Rc5 26. Qd1 Qb7 27. Qe2 {mit verteidigungsfähiger Stellung für
Weiß.}) 25. Qe4 Qc7 26. Rd1 Bf6 27. Qc2 Nd6 $6 (27... Rb8 {ist genauer:
Schwarz schaltet die Antwort Sc3-e2 aus und behält Vorteil.}) 28. Qa4 $6 (28.
Ne2 {nebst Le1-c3 gibt dem Weißen eine haltbare Stellung.}) 28... Qb6 $6 ({Nach
} 28... a5 {behält Schwarz einigen Vorteil.}) 29. Qc2 $2 (29. Rxd6 Qxd6 30. Ne4
Qd8 (30... Qe7 31. Bb4 Qd8 32. Ba5) 31. Ba5 Qe7 32. Bb4 $11 {führt zum Remis.})
29... Nf5 30. Qe2 $6 {Bessere Überlebensaussichten bot} (30. Rb1 {mit der
Absicht, Sc3-e4 und Le1-c3 folgen zu lassen.}) 30... Kg7 $6 (30... Qb7 {
ist noch wirksamer.}) 31. Kh2 Qb3 $6 {Dies scheint mir sinnlos zu sein.} (31...
Qb7 {sieht natürlicher aus.}) 32. Rc1 Qb7 33. f3 $2 {Damit ruiniert Weiß seine
Bauernstruktur endgültig; er verliert alle Rettungsaussichten. Statt dessen
hätte er sich die indifferenten letzen Züge des Schwarzen zunutze machen
können:} (33. Nd1 {mit guten Überlebensaussichten, denn} Nh4 34. e4 {bringt
dem Schwarzen nichts ein.}) 33... Rd8 34. Rd1 Rb8 (34... Rd3 35. Bf2 Qd7 {
kommt ebenfalls in Betracht.}) 35. Rd2 e5 36. Ne4 $6 ({Zäher ist} 36. e4 Nd4
37. Qe3 {doch dürfte Weiß nach} Ne6 38. Bg3 exf4 39. Bxf4 Nxf4 40. Qxf4 Qe7 {
sich auf die Dauer nicht halten können.}) 36... exf4 37. Nxf6 (37. exf4 Qc7 38.
Bg3 Bd4 {ist hoffnungslos für Weiß.}) 37... fxe3 38. Rd7 Qxb2 39. Qxb2 Rxb2+
40. Kg1 Rb1 41. Ne8+ Kf8 42. Kf1 Kxe8 0-1

[Event "Benidorm Bali"]
[Site "Benidorm"]
[Date "2002.12.01"]
[Round "10"]
[White "Ponomariov, Ruslan"]
[Black "San Segundo Carrillo, Pablo"]
[Result "1-0"]
[WhiteElo "2743"]
[BlackElo "2523"]
[Annotator "Dautov,R"]
[PlyCount "77"]
[EventDate "2002.11.29"]
[EventType "tourn (rapid)"]
[EventRounds "11"]
[EventCountry "ESP"]
[EventCategory "13"]
[SourceTitle "CBM 093"]
[Source "ChessBase"]
[SourceDate "2003.04.01"]
[SourceVersion "1"]
[SourceVersionDate "2003.04.01"]
[SourceQuality "1"]

{[%mdl 32768]} 1. Nf3 d5 2. d4 Nf6 3. c4 e6 4. Nc3 Be7 5. Qc2 c5 {Schwarz ist
bereit, mit einem Isolani zu spielen.} ({Etwas "sauberer" bringt die gleiche
Idee R.Kasimdzhanov zum Ausdruck:} 5... O-O 6. cxd5 exd5 7. Bg5 c5 8. dxc5 Qa5
9. Nd4 Qxc5 10. Nb3 Qd6 11. e3 Be6 12. Be2 Nc6 13. Rd1 h6 14. Bf4 Qd8 15. O-O
Rc8 16. a3 a6 17. Bf3 Qb6 $11 {Khenkin,I-Kasimdzhanov,R/Moscow 2001}) 6. cxd5
exd5 7. Bg5 Nc6 8. dxc5 $1 ({Mit mehr Risiko behandelte diese Stellung A.Dreev
in seiner Schnellschachpartie gegen Onischuk:} 8. Rd1 $5 Bg4 9. dxc5 Qa5 10. e3
Bxf3 11. gxf3 Qxc5 12. Qa4 d4 $2 (12... O-O $5 $13) 13. Bxf6 Bxf6 14. Ne4 Qe7
15. Bb5 O-O 16. Bxc6 bxc6 17. exd4 Rab8 18. b3 Rb4 19. Qxc6 Bxd4 20. Qd6 Qxd6
21. Nxd6 $16 {Dreev,A-Onischuk,A/Moscow 2002/}) 8... Be6 $2 {Für diesen
Entwicklungszug hat Schwarz keine Zeit, er sollte schnellstmöglich den Bauern
c5 gewinnen.} (8... d4 $2 9. O-O-O Bxc5 10. e3 Bg4 11. Bxf6 gxf6 12. exd4 Bxf3
13. gxf3 Bxd4 14. Bb5 O-O 15. Rhg1+ Kh8 16. Rg4 $18 {Sibilio,M-Jovicic,M/
Caorle 1984}) ({Besser ist} 8... Qa5 9. e3 (9. O-O-O Be6 $13) 9... Qxc5 10. Rc1
(10. Bb5 O-O) 10... O-O 11. Qd2 $14) 9. e3 Qa5 10. Bb5 $1 {Nun ist es zu spät,
und Schwarz muß weitere Tempi verlieren.} a6 11. Bxc6+ bxc6 12. O-O Qxc5 13.
Rac1 $16 {Schwarz gewann endlich den Bauern zurück, aber es geschah auf Kosten
seiner Entwicklung. Gegen die durchsichtige Drohung 14.Bxf6 Bxf6 15.Ne4 gibt
es keine zufriedenstellende Verteidigung.} O-O 14. Bxf6 gxf6 $2 ({Er mußte in
den saueren Apfel beißen und die Stellung nach 14...Bf6 spielen:} 14... Bxf6
15. Ne4 Qe7 16. Nxf6+ Qxf6 17. Nd4 Bd7 $16) 15. Nd4 Rfc8 $2 {Der Verlustzug.} (
15... Rac8 $142 $16) 16. Na4 $18 Qxc2 17. Rxc2 Rab8 (17... c5 18. Nxe6 fxe6 19.
Nb6 $18) 18. Rxc6 Bf8 19. Rxa6 Rc4 20. b3 Bc8 21. Rxf6 Rc7 22. Rc6 Rxc6 23.
Nxc6 Rb7 24. Nd4 Rc7 25. Rd1 Ba6 26. h3 h5 27. Nb6 Bb7 28. a4 Bb4 29. Nb5 Rc5
30. Nd7 Rc6 31. Ne5 Rc2 32. Nd3 Bf8 33. Nf4 Rb2 34. Nxh5 Rxb3 35. Nf6+ Kg7 36.
Nxd5 Rb2 37. Nf4 Ra2 38. Rd7 Bc6 39. Rc7 1-0

[Event "Benidorm Bali playoff"]
[Site "Benidorm"]
[Date "2002.12.01"]
[Round "2"]
[White "Ponomariov, Ruslan"]
[Black "Polgar, Judit"]
[Result "0-1"]
[WhiteElo "2743"]
[BlackElo "2685"]
[Annotator "Stohl,I"]
[PlyCount "82"]
[EventDate "2002.12.01"]
[EventType "match (blitz)"]
[EventRounds "2"]
[EventCountry "ESP"]
[SourceTitle "CBM 093"]
[Source "ChessBase"]
[SourceDate "2003.04.01"]
[SourceVersion "1"]
[SourceVersionDate "2003.04.01"]
[SourceQuality "1"]

{[%mdl 2]} 1. Nf3 Nf6 2. c4 e6 3. Nc3 c5 4. g3 b6 5. Bg2 Bb7 6. O-O Be7 7. Re1
d6 8. e4 Nbd7 (8... a6 9. d4 cxd4 10. Nxd4 Qc7 {is a more usual move order in
this line.}) 9. d4 cxd4 10. Nxd4 {[%cal Re4e5] /\e5} Rb8 $6 {Black's 8-th move
forces him to prevent White's immediate threat, Polgar does it in a strange
way.} ({Also risky is} 10... Qb8 11. Nd5 $5 exd5 (11... Bd8 12. Nb4 $1 $16) 12.
exd5 Kd8 13. Nc6+ Bxc6 14. dxc6 $16 {Chumfwa,S-Uribe,M/Istanbul olm/2000/}) (
10... Nc5 11. b3 O-O 12. Bb2 Qc7 13. Rc1 a6 14. f4 Rac8 15. f5 e5 16. Nc2 b5
17. cxb5 axb5 18. Nb4 Rfe8 19. h3 Qa5 20. a3 Qa8 21. Ncd5 Bxd5 22. exd5 Nfd7
23. Kh2 Bf6 24. Bf1 Qb7 25. Nc6 e4 26. Bxf6 Nxf6 27. b4 Ncd7 28. Qe2 $14 Qb6 $4
29. Ne7+ {1-0,Paunovic,D-Micic,C/Becici/1993/}) (10... Qc8 11. f4 $5 (11. Ndb5
Qb8 12. f4 O-O 13. Be3 a6 14. Nd4 Qc7 15. Rc1 {leads to the main line positions
}) 11... O-O 12. Be3 $14) ({More natural, and an attempt to justify the 
(temporary) omission of a6 is} 10... Qc7 $5 11. Be3 (11. Ndb5 {gives Black a
choice between} Qb8 {and} (11... Qc6 $5 $13)) (11. b3 Rc8 $5 12. Bb2 O-O 13.
Rc1 Qb8 14. Rc2 Rfe8 15. Rd2 a6 16. f4 Bf8 17. Bf3 h6 18. h4 h5 $1 19. Bxh5
Nxh5 20. Qxh5 Nf6 21. Qd1 b5 $44 {Ruck,R-Prusikhin,M/Griesheim/2003/}) 11...
Rc8 12. Rc1 Qb8 13. b3 Nc5 14. f4 $5 (14. f3 a6 15. Bf2 O-O 16. f4 Qa8 17. Qe2
Rfe8 18. g4 g6 19. f5 $6 exf5 20. gxf5 Bf8 21. fxg6 hxg6 22. Nd5 Bxd5 23. cxd5
Nfxe4 $17 {Garcia Paolicchi,R-Marin,M/Andorra la Vella/2002/}) 14... Ncxe4 15.
Nxe4 Bxe4 16. Bxe4 Nxe4 17. f5 e5 18. Qg4 Qb7 19. Nb5 g6 20. Qf3 gxf5 21. Qxf5
a6 22. Nd4 $44 {Cacho Reigadas,S-Suba,M/ESP-chT/2001/}) 11. b3 $6 $146 {
Too soft, but one has to realize this is a 5 minute game.} (11. f4 O-O 12. Ndb5
a6 13. Nxd6 Bxd6 14. Qxd6 Nc5 15. Qxd8 Rfxd8 16. e5 Bxg2 17. Kxg2 Ne8 18. Be3
$16 {Christiansen,L-Wallace,J/Internet/2001/}) (11. Ndb5 $1 Ne5 (11... O-O 12.
Nxa7 Qc7 13. b3 $16) 12. Nxa7 O-O 13. b3 $16 {and White seems to have a
healthy extra P.}) 11... a6 12. Bb2 O-O 13. h3 Qc7 {Now despite Black's 10...
Rb8 we have a normal Hedgehog position with a full board of pieces and the
typical possibilities for both sides. Ponomariov doesn't have too much
experience with the White side of the English Opening yet, he opts for a
direct P assault against the >>, something typical for the Sicilian.} 14. Qd2
Nc5 15. Rad1 Rfe8 16. f4 Ba8 17. Qf2 Ncd7 ({Possibly safer was} 17... Rbd8 $5 {
/\} 18. e5 dxe5 19. fxe5 Nfd7 20. b4 Bxg2 21. Qxg2 Nxe5 22. bxc5 Bxc5 23. Ne4
Nxc4 $13) 18. g4 {Here comes the aforementioned bayonet attack.} (18. Kh2 $14 {
/<=>= was a typical Karpovian noncommittal waiting move.}) ({The immediate
tactical break is unclear:} 18. e5 dxe5 19. fxe5 Nxe5 20. Ncb5 Qd7 $5 (20...
axb5 21. Nxb5 Qc8 22. Bxe5 Bc5 23. Nd4 $14) 21. Rxe5 (21. Nf5 $2 Bc5 $17) (21.
Nc6 $6 Bc5 22. Qxc5 bxc5 $15 {/-/+}) 21... axb5 22. Rxb5 Bxg2 23. Qxg2 Bc5 $13)
18... h6 19. g5 $5 {A double-edged move, now Black gets more [+] influence 
(the e5-square!), but also his K becomes vulnerable.} hxg5 20. fxg5 Nh5 (20...
Nh7 21. g6 Nhf6 22. gxf7+ Kxf7 23. Qg3 $14 {|^}) 21. g6 Bf6 $5 {[%csl Rd6]
This active move costs Black material in the end (><d6), but resolves the >>
tension.} (21... Nhf6 {-20...Nh7}) 22. gxf7+ Kxf7 23. Bf3 (23. Ndb5 axb5 24.
Nxb5 Qc5 25. Nxd6+ Ke7 26. Bxf6+ gxf6 27. Nxe8 Rxe8 $13 {/=/+ is not too
worrying for Black, his pieces are well coordinated, while White's P are still
far from dangerous.}) 23... Nf4 24. Bg4 g5 25. Nde2 Qc5 $1 (25... Nxe2+ 26.
Rxe2 $40 {/\} (26. Nxe2 $5 {/\Nd4->}) 26... Ke7 27. Nd5+ $1 exd5 28. Bxd7 $18)
26. Nxf4 (26. Qxc5 $5 Nxc5 (26... bxc5 27. Rxd6 Ne5 (27... Ke7 28. Rxa6 $16)
28. Nxf4 gxf4 29. Na4 $14) 27. Nxf4 gxf4 28. Bh5+ Ke7 29. Bxe8 Rxe8 30. Nd5+ $5
Bxd5 (30... exd5 31. exd5+ Be5 32. Bxe5 Rg8+ 33. Kf2 dxe5 34. Rxe5+ $14 {/+/-})
31. Bxf6+ Kxf6 32. exd5 e5 33. b4 Nd7 $14 {~~}) 26... gxf4 27. Qxc5 bxc5 28.
Rxd6 (28. Bh5+ Ke7 29. Bxe8 Rxe8 $44 {[%csl Re4,Rh3][%cal Rf6d4,Rd7e5] /\Bd4,
Ne5,><e4,h3 gives Black excellent play on the dark squares.}) 28... Bd4+ 29.
Kf1 Ne5 30. Rxa6 $6 {Seems too greedy.} (30. Na4 $13 {/+/= keeps White well in
the game.}) 30... Nxg4 31. hxg4 Rh8 $40 {All of a sudden Black has a dangerous
attack.} 32. Ra7+ $2 {In the fast tempo of a blitz game White isn't up to his
defensive task. This thoughtless check just opens the <->f for Black's Rb8.} (
32. Kg2 $5 Rbg8 (32... f3+ 33. Kxf3 Bxc3 34. Bxc3 Rh3+ 35. Kf4 Rxc3 36. Ke5 $16
) 33. Ra7+ Kf6 34. Nd5+ Ke5 $5 $36 (34... exd5 $6 35. Bxd4+ cxd4 36. exd5 $16))
32... Kg6 33. Kg2 f3+ $1 34. Kg3 (34. Kxf3 Rbf8+ 35. Ke2 (35. Kg3 Bf2+ $19)
35... Rf2+ 36. Kd1 $8 Rxb2 $19) 34... Be5+ 35. Kxf3 (35. Kf2 Rh2+ $19) 35...
Rh3+ 36. Ke2 (36. Kf2 Rf8+ 37. Kg1 Rg3+ $19 38. Kh1 Rh8+ $19) 36... Rh2+ 37.
Ke3 Rxb2 38. Na4 $2 {The final mistake, although the game could hardly be
saved anyway.} (38. Ne2 $142 Kg5 $17 {/-+}) 38... Rxa2 $19 {[%cal Re5d4] /\Bd4}
39. Rh1 Bd4+ 40. Kf3 Rxb3+ 41. Kf4 e5# 0-1

[Event "Corus"]
[Site "Wijk aan Zee"]
[Date "2003.01.11"]
[Round "1"]
[White "Ponomariov, Ruslan"]
[Black "Bareev, Evgeny"]
[Result "0-1"]
[WhiteElo "2734"]
[BlackElo "2729"]
[Annotator "Lukacs,P"]
[PlyCount "118"]
[EventDate "2003.01.11"]
[EventType "tourn"]
[EventRounds "13"]
[EventCountry "NED"]
[EventCategory "18"]
[SourceTitle "CBM 093"]
[Source "ChessBase"]
[SourceDate "2003.04.01"]
[SourceVersion "1"]
[SourceVersionDate "2003.04.01"]
[SourceQuality "1"]

1. e4 {Ftacnik} c6 2. d4 d5 3. e5 Bf5 4. h4 h5 5. c4 e6 6. Nc3 Be7 (6... Nd7 7.
cxd5 cxd5 8. Bg5 {- Yagupov-Anastasian,Hotel Anibal op 2000 CBM 75}) (6... Ne7
7. Bg5 {- Gelashvili-Asrian, EU-ch Batumi 2002 CBM 90}) 7. g3 (7. cxd5 cxd5 8.
Bd3 Bxd3 9. Qxd3 Nc6 10. Nf3 Rc8 (10... Nb4 {- Gulko-Karpov, Dos Hermanos 1994
CBM 41}) (10... Bb4 {/\ Nge7} 11. O-O Qd7 (11... Nge7) 12. Ne2 Nge7 13. a3 Ba5
14. b4 {White can also insert some pressure on the <<.} Bb6 15. Bd2 Nf5 16. a4
$14 {Van der Wiel-Grooten, NED-ch Rotterdam 2000}) (10... Nh6 {/\ Nf5} 11. Bxh6
{It is advisable for White to get rid of his bad B.} Rxh6 12. g3 Qb6 13. O-O
Rc8 14. Rab1 Rh8 15. Rfc1 $14 {and White has pressure on both flanks,
Maiwald-Lauber, BL 1999/2000.}) (10... a6 11. g3 Bb4 12. O-O Nge7 13. Ne2 Nf5
14. a3 (14. Bg5 $5) 14... Be7 15. b4 (15. Bg5 $5) 15... Rc8 16. Bg5 Bxg5 17.
Nxg5 Qb6 18. Rfd1 a5 19. b5 Nce7 {Black's stronghold on f5 is impregnable.} 20.
Rac1 O-O $11 {Shtyrenkov-Alexandrova, Alushta Golden Autumn 2001}) 11. O-O (11.
g3 Bb4 12. O-O Bxc3 13. bxc3 Nge7 14. a4 f5 {- Bischoff-Epishin, Brno-A 1994
CBM 43}) 11... Nh6 12. Bxh6 Rxh6 13. g3 Kf8 14. Rac1 (14. Rfc1 $5) 14... g6 15.
Qb5 Qd7 16. Na4 Kg7 17. Nc5 Bxc5 18. Rxc5 Rhh8 $11 {Becerra Riviero-Morovic,
Capablanca mem Elite 1999}) (7. Qb3 Qb6 {- Akopian-Sargissian, Moscow Aeroflot
op 2002 CBM 88} 8. c5 (8. Nf3 Na6 9. c5 Qxb3 10. axb3 Nc7 {White has space
advantage on both flanks, but Black's position is a tough nut to crack.} 11.
Be3 Nh6 12. g3 Ng4 13. Bf4 Kd7 14. Ng5 Bg6 15. b4 b6 $1 $132 {Lejlic-Rogers,
Troll Masters, 1995}) 8... Qc7 9. Qa4 f6 $5 (9... Nd7 {- Akopian-Sargissian,
Moscow Aeroflot op 2002 CBM 88}) 10. Bf4 Nd7 11. Nf3 Nh6 12. g3 Qc8 13. exf6
gxf6 14. Bxh6 Rxh6 15. Bg2 b6 $132 {A.Ivanov-Palo, Bled ol (Men) 2002}) 7...
Nh6 (7... Nd7 8. cxd5 cxd5 (8... exd5 {Now Black has to blockade both >< f5
and >< e6!} 9. Bd3 Bxd3 10. Qxd3 Nf8 (10... Nh6 11. Nge2 Nf8 12. Nf4 g6 13. e6
$1 {This breakthrough is White's main threat.} Qd6 14. exf7+ Nxf7 15. b4 Bf6
16. b5 c5 17. dxc5 Qxc5 18. Bd2 Ne5 19. Qxd5 Qxd5 20. Ncxd5 Nf3+ 21. Ke2 Nxd2
22. Nxf6+ Kf7 23. N6d5 Ne4 24. Rhc1 $18 {Minasian-Barash, World Open
Tournament of Champions Philadelphia 1999}) 11. Nge2 Qd7 12. Be3 Nh6 13. Bxh6
Rxh6 14. O-O-O $16 {Kosanovic-Tadic, Novi Sad op 1989}) 9. Bd3 $14) 8. Bg5 $5 {
This is a critical idea, White wants to exchange his bad B for his counterpart.
} (8. Bxh6 $5) 8... dxc4 {Ftacnik: 'Interesting theoretical novelty, black is
trying to solve the strategical problems by the means of undermining
opponent's pawn structure in the center.'} (8... Bxg5 9. hxg5 Qxg5 10. Rxh5 Qe7
11. cxd5 (11. g4 Bg6 12. Rh3 O-O) 11... exd5 $13 {Minasian-Savchenko, Elista
ol (Men) 1998 CBM 66 ext}) 9. Bxe7 (9. Bxc4 Bxg5 10. hxg5 Qxg5 11. Rxh5 Qg6 12.
Be2 Nd7 13. Nh3 $14) 9... Qxe7 10. Qxh5 {It is hard to get back the c4 P after
that...} (10. Bxc4 {looks more natural.} Nd7 $13) 10... Qb4 $5 (10... Na6 11.
a3 O-O-O 12. Qg5 f6 $13) 11. O-O-O $6 {White is pushing too hard, this idea of
the exchange sacrifice cannot be correct.} (11. Qe2 Nd7 (11... Bd3 12. Qd2 Bxf1
13. Kxf1 Nf5 (13... c5 {Ftacnik} 14. a3 Qb6 15. dxc5 Qxc5 $11) 14. Nf3) 12. Qd2
(12. O-O-O Bd3) 12... O-O-O 13. Ne4 Qxd2+ 14. Nxd2 Nb6 15. Ngf3 Bg4 $13) 11...
Bg4 12. Qg5 Bxd1 13. Qxg7 Qf8 (13... Rg8 {Ftacnik} 14. Qxh6 Bg4 15. Qd2 $14)
14. Qxf8+ Kxf8 15. Nxd1 c5 $1 $15 {Black has to open up the position for his
rooks.} (15... b5 16. Bg2 Nf5 (16... a5 {Ftacnik} 17. Ne3 $14) 17. Ne2 $44 {
and the rooks have no open lines.}) 16. dxc5 (16. Bg2 $6 {Ftacnik} Nd7 $15)
16... Nd7 17. c6 {'!' Ftacnik. Ftacnik: 'In the ensuing middle game without
queens white aims to maximally weaken pawn structure of the opponent with the
extra exchange. '} (17. f4 {Ftacnik} Nxc5 18. Bxc4 Ne4 19. Nc3 Nxc3 20. bxc3
Rc8 21. Bd3 Rxc3+ 22. Kd2 Ra3 $17) 17... bxc6 (17... Nxe5 {Ftacnik} 18. cxb7
Rb8 19. Bg2 Nf5 20. Kd2 Nd6 21. Kc3 Nxb7 22. f4 Ng4 23. Bf3 Rg8 24. Ne2 $13)
18. f4 (18. Bxc4 {Ftacnik} Nxe5 19. Be2 Nf5 $15) 18... Rg8 $1 {>< g3} (18...
Nf5 19. Ne2 Nc5 20. Bh3 $44) 19. Ne2 Rd8 (19... Nf5 {>< g3 was also tempting.}
20. Nf2 (20. Rg1 {Ftacnik} Nc5 21. Bh3 $14) 20... Nxg3 21. Nxg3 Rxg3 22. Bxc4
Kg7 $15) 20. Ne3 Nb6 $1 (20... Nc5 21. Nxc4 Nd3+ 22. Kc2 Nf2 23. Rg1 $44) 21.
Bh3 $6 (21. Bg2 {looks more natural.} Rd3 22. Nf1 Ng4 23. Nd2 (23. h5 {Ftacnik}
Nd5 24. Nd2 c3 25. bxc3 Nxc3 26. Kc2 Nxe2 27. Kxd3 Nxg3 $15) (23. Bxc6 {Ftacnik
} Nf2 24. Rg1 Nd5 25. Bxd5 exd5 26. Kc2 $11)) 21... Rd3 $1 22. Nc2 (22. Nd1
$142 Nd5 23. Nf2 Re3 24. Kd2 Rf3 25. Rf1 Rfxg3 $1 26. Nxg3 Rxg3 $15 {Black
gives back the exchange, but gets the activity.}) (22. Nf1 {Ftacnik} Nd5 23. h5
Ke7 $13) 22... c5 (22... Nd5 23. h5 c5 $15) 23. Rf1 {'?' Ftacnik. Ftacnik:
'Ponomariov becomes the victim of a feeling, that he has to open up the
position quickly. In this phase of the game were the chances for both sides
probably still quite equal.'} (23. h5 Nd5) (23. Na3 $5 {Ftacnik} Ke7 24. Nb5
Nd5 25. h5 $13) 23... Nd5 $17 24. f5 exf5 25. Bxf5 Re3 $1 {'!?' Ftacnik.
liquidating for a favourable _|_ for Black.} (25... Nxf5 {Ftacnik} 26. Rxf5 Ke7
27. Ne1 Re3 28. Kd2 Rd8 29. Nc3 Rxg3 30. Nxd5+ Rxd5+ 31. Kc2 Rh3 $19) 26. Nxe3
Nxe3 27. Bh3 Nxf1 28. Bxf1 Nf5 {Ftacnik: 'White has very thin chances to hold
the endgame without exchange, Bareev would have to help a lot.'} 29. Nc3 (29.
Kd2 Nxg3 30. Nxg3 Rxg3 31. Bxc4 Rh3 $19) 29... Ne3 30. Be2 Rxg3 $19 {Black is
a clear exchange up, the rest is technique.} 31. Kd2 Ng4 32. Ne4 Rg2 33. e6
fxe6 34. h5 Ke7 35. Nxc5 Nf6 36. Ke3 Rg5 37. Kd4 Nxh5 {'?!' Ftacnik. Ftacnik:
'Time trouble could have played a role, much easier was the win after 37...
Rd5+!'} (37... Rd5+ $1 {Ftacnik} 38. Kxc4 Rd2 39. Bd3 (39. Bf3 {Ftacnik} Rc2+
40. Kb4 Rxb2+ 41. Ka3 Rf2 $19) 39... Rxb2 40. a4 Nxh5 $19) 38. Kxc4 Nf4 39. Bf3
Rg3 40. Be4 Nh5 41. a4 Nf6 42. Ba8 Rg4+ 43. Kb5 Ne8 44. Ka5 Rc4 45. b4 Nd6 46.
Ka6 Rxb4 47. Kxa7 e5 48. Ka6 e4 49. Ka5 Rc4 50. Kb6 e3 51. Bf3 Rf4 52. Bh5 Rh4
53. Bf3 Nc4+ 54. Kb5 Ne5 55. Be2 Rh2 56. Nd3 Nxd3 57. Bxd3 e2 58. Bxe2 Rxe2 59.
a5 Kd7 0-1